Statistiques concernant Personnages : 10 questions sur Toad

Cliquez ici pour prendre le quiz!

Statistiques générales

  • Ce quiz a été pris 90 fois
    (35 depuis la dernière actualisation)
  • Le résultat moyen est 9 sur 10

Statistiques - réponses

QuestionRéponse% Correct
C'est un...Champignon
100%
Dans quel jeu Toad intervient-il (trop facile)Mario
100%
Qui est Toad par rapport à MarioSon ami
100%
Dans le film Mario ( le plus récent ), le royaume de Toad s'appelle le royaume...Champignon
91%
Son équivalent en fille est...Toadette
91%
Il est un...Ami
88%
Toad est-il présent dans mariokart ?Oui
88%
Et il est gouverné par...Peach
81%
Et enfin, comment ce prononce Toad ?T,o,d
69%
Toad porte des...Pas de manches
63%

Distribution des résultats

Percentile par nombre de réponses

% des personnes avec chaque résultat

Votre développement - résultats

Vous n’avez pas pris ce quiz depuis la dernière actualisation